| Tag |
First Indicator |
Second Indicator |
Subfields |
| LEADER |
00000cam a2200000 a 4500 |
| 001 |
in00000008490 |
| 005 |
20151003060023.0 |
| 008 |
871209s1987 enka 00010 eng d |
| 010 |
|
|
|a gb 87004710
|
| 015 |
|
|
|a GB87-4710
|
| 020 |
|
|
|a 085045753X (pbk) :
|c £6.95
|
| 035 |
|
|
|a (OCoLC)15055175
|
| 035 |
|
|
|9 AAA0883AM
|
| 040 |
|
|
|a UKM
|c UKM
|d TXA
|d UtOrBLW
|
| 043 |
|
|
|a n-us---
|
| 050 |
|
4 |
|a UG1242.F5
|b O43 1987
|
| 082 |
0 |
|
|a 623.74/64
|2 19
|
| 100 |
1 |
|
|a O'Leary, Michael.
|
| 245 |
1 |
0 |
|a Mustang :
|b a living legend /
|c Michael O'Leary.
|
| 264 |
|
1 |
|a London :
|b Osprey,
|c 1987.
|
| 300 |
|
|
|a 127 pages :
|b chiefly color illustrations ;
|c 23 cm.
|
| 336 |
|
|
|a text
|b txt
|2 rdacontent
|
| 337 |
|
|
|a unmediated
|b n
|2 rdamedia
|
| 338 |
|
|
|a volume
|b nc
|2 rdacarrier
|
| 490 |
1 |
|
|a Osprey colour series
|
| 650 |
|
0 |
|a Mustang (Fighter plane)
|
| 653 |
|
|
|a North American Mustang P-51 aeroplanes
|
| 830 |
|
0 |
|a Osprey colour series.
|
| 999 |
|
|
|a MARS
|
| 999 |
f |
f |
|s 18ff922e-0dd0-39b7-904f-f7a2b5602156
|i 462aca4e-9374-3ffc-acf1-db1cf7fafd8c
|t 0
|
| 952 |
f |
f |
|p ric
|a Texas A&M University
|b Rellis Campus
|c Joint Library Facility
|d Remote Storage
|t 0
|e UG1242.F5 O43 1987
|h Library of Congress classification
|i unmediated -- volume
|m A14812613418
|
| 998 |
f |
f |
|a UG1242.F5 O43 1987
|t 0
|l Remote Storage
|